Biggest Cities In Tuscany Quiz - Statistics

General Stats
  • This quiz has been taken 73 times
  • The average score is 13 of 20
Answer Stats
Population Answer % Correct
361.619 Florence
100%
89.002 Pisa
100%
53.062 Siena
98%
154.483 Livorno
92%
89.078 Lucca
92%
66.498 Massa
88%
89.493 Pistoia
86%
96.717 Arezzo
82%
81.503 Grosseto
82%
195.213 Prato
82%
60.185 Carrara
73%
61.045 Viareggio
67%
48.397 Empoli
61%
48.782 Sesto Fiorentino
51%
49.659 Scandicci
43%
32.304 Piombino
39%
47.541 Campi BIsenzio
37%
46.390 Capannori
27%
31.821 Camaiore
24%
44.865 Cascina
20%
No matching quizzes found
Score Distribution
Percent of People with Each Score
Percentile by Number Answered
Your Score History
You have not taken this quiz